Catálogo

LA NUEVA REVOLUCION DIETETICA DEL DR. ATKINS (Registro nro. 55581)

Detalles MARC
000 -LEADER
fixed length control field 00904nam a2200217 a 4500
001 - CONTROL NUMBER
control field 55581
005 - DATE AND TIME OF LATEST TRANSACTION
control field 20180714050941.0
008 - FIXED-LENGTH DATA ELEMENTS--GENERAL INFORMATION
fixed length control field 140415s2003 sp 000 0 spa d
020 ## - INTERNATIONAL STANDARD BOOK NUMBER
International Standard Book Number 8466610405
041 ## - LANGUAGE CODE
Language code of text/sound track or separate title spa
082 ## - DEWEY DECIMAL CLASSIFICATION NUMBER
Classification number 613.2
Item number ATK
100 1# - MAIN ENTRY--PERSONAL NAME
Personal name ATKINS, ROBERT C.
245 13 - TITLE STATEMENT
Title LA NUEVA REVOLUCION DIETETICA DEL DR. ATKINS
250 ## - EDITION STATEMENT
Edition statement 1a ed.
260 ## - PUBLICATION, DISTRIBUTION, ETC.
Place of publication, distribution, etc. ESPAÑA :
Name of publisher, distributor, etc. EDICIONES B, S.A.,
Date of publication, distribution, etc. 2003
300 ## - PHYSICAL DESCRIPTION
Extent 172
Dimensions 15 x 3 x 22.8
520 ## - SUMMARY, ETC.
Summary, etc. LA NUEVA REVOLUCION DIETETICA DEL DR. ATKINS HA AYUDADO A MILLONES DE LECTORES A PERDER PESO Y A CONSEGUIR UN BUEN ESTADO FISICO. AHORA EL PRINCIPAL EXPERTO MUNDIAL EN NUTRICION Y MEDICINA COMPLEMENTARIA HA ACTUALIZADO SU PROGRAMA DE ACUERDO CON LOS ULTIMOS ADELANTOS CIENTIFICOS Y ADAPTANDOLO A LAS NECESIDADES Y GUSTOS DE HOY.
650 14 - SUBJECT ADDED ENTRY--TOPICAL TERM
Topical term or geographic name entry element DIETA
700 1# - ADDED ENTRY--PERSONAL NAME
Personal name ISERN, CAROL
Relator term tr.
740 ## - ADDED ENTRY--UNCONTROLLED RELATED/ANALYTICAL TITLE
Uncontrolled related/analytical title DR. ATKINS NEW DIET REVOLUTION
Existencias
Withdrawn status Lost status Source of classification or shelving scheme Damaged status Not for loan Collection code Home library Current library Shelving location Date acquired Source of acquisition Inventory number Total Checkouts Full call number Barcode Date last seen Price effective from Koha item type
    Dewey Decimal Classification     General Biblioteca Karol Wojtyla Biblioteca Karol Wojtyla Sala general 03/12/2013 Compra 151000000000000000006491   613.2 ATK 2003 83384 05/01/2026 12/01/2015 Reserva permanente